| 000 | 01040 a2200229 4500 | ||
|---|---|---|---|
| 003 | Nust | ||
| 005 | 20220822113452.0 | ||
| 010 | _a 2005284589 | ||
| 020 | _a0596007620 (pbk.) | ||
| 040 | _cNust | ||
| 082 | 0 | 0 | _a005.2/768 |
| 082 | 0 | 0 | _a005.2768,LOW |
| 100 | 1 |
_aLowy, Juval. _998286 |
|
| 245 | 1 | 0 |
_aProgramming .NET components / _cJuval Lowy. |
| 250 | _a2nd ed. | ||
| 260 |
_aBeijing ; _aSebastopol : _bO'Reilly, _cc2005 |
||
| 300 |
_axviii, 624 p. : _bill. ; _c24 cm. |
||
| 505 | _aIntroduction components oriented programming (Page-1), Net component oriented programming essentials (Page-15), Interface Based programming (Page-46), Life cycle management (Page-82), Versioning (Page-102), Events (Page-129), Asynchronous Calls (Page-155), Multi threading and concurrency management (Page-185), Serialization and persistence (Page-281), Remoting (Page-319), Context and Interception (Page-399), Security (Page-434). | ||
| 650 | 0 |
_aInternet programming. _918035 |
|
| 650 | 0 |
_aMicrosoft .NET. _995866 |
|
| 942 |
_2ddc _cBK _k005.2768,LOW |
||
| 999 |
_c180429 _d180429 |
||